Islam in practice / (Record no. 140658)
[ view plain ]
| 000 -LEADER | |
|---|---|
| fixed length control field | 00624nam a22002297a 4500 |
| 005 - DATE AND TIME OF LATEST TRANSACTION | |
| control field | 20260428162139.0 |
| 008 - FIXED-LENGTH DATA ELEMENTS--GENERAL INFORMATION | |
| fixed length control field | 260428s2025 |||||||| |||| 001 0 eng d |
| 020 ## - INTERNATIONAL STANDARD BOOK NUMBER | |
| International Standard Book Number | 9789694488615 |
| 040 ## - CATALOGING SOURCE | |
| Transcribing agency | PK-LaUMT |
| 082 ## - DEWEY DECIMAL CLASSIFICATION NUMBER | |
| Classification number | 297 |
| Item number | KHU-I |
| 100 0# - MAIN ENTRY--PERSONAL NAME | |
| Personal name | Khurshid Ahmad |
| 245 10 - TITLE STATEMENT | |
| Title | Islam in practice / |
| Statement of responsibility, etc | Khurshid Ahmad |
| 260 ## - PUBLICATION, DISTRIBUTION, ETC. (IMPRINT) | |
| Place of publication, distribution, etc | Islamabad : |
| Name of publisher, distributor, etc | IPS Press, |
| Date of publication, distribution, etc | 2025 |
| 300 ## - PHYSICAL DESCRIPTION | |
| Extent | xii, 248 p. |
| 490 ## - SERIES STATEMENT | |
| Series statement | Islamic paradigm of life ; |
| Volume number/sequential designation | vol 3 |
| 500 ## - GENERAL NOTE | |
| General note | Index present |
| 546 ## - LANGUAGE NOTE | |
| Language note | Eng |
| 650 ## - SUBJECT ADDED ENTRY--TOPICAL TERM | |
| Topical term or geographic name as entry element | Islam-practice |
| 650 ## - SUBJECT ADDED ENTRY--TOPICAL TERM | |
| Topical term or geographic name as entry element | Islamic practice |
| 650 ## - SUBJECT ADDED ENTRY--TOPICAL TERM | |
| Topical term or geographic name as entry element | Islamic way of life |
| 942 ## - ADDED ENTRY ELEMENTS (KOHA) | |
| Koha item type | Books |
| Withdrawn status | Lost status | Damaged status | Home library | Current library | Date acquired | Full call number | Barcode | Date last seen | Price effective from | Koha item type |
|---|---|---|---|---|---|---|---|---|---|---|
| UMT Main Campus | UMT Main Campus | 2026-04-28 | 297 KHU-I | 152387 | 2026-04-28 | 2026-04-28 | Books |
